Państwa najbliższe Norwegii - Statystyki

Ogólne statystyki
  • Ten quiz został rozwiązany 6 124 razy
  • Średni wynik to 18 z 20
Statystyki odpowiedzi
Odległość (w km) Państwa % Poprawnych
0 Finlandia
100%
575 Polska
100%
0 Szwecja
100%
110 Dania
99%
327 Niemcy
99%
0 Rosja
99%
554 Estonia
97%
645 Litwa
97%
599 Łotwa
97%
494 Holandia
95%
293 Wielka Brytania
95%
734 Belgia
94%
820 Francja
94%
973 Islandia
92%
847 Irlandia
90%
914 Białoruś
88%
879 Czechy
88%
870 Luksemburg
87%
579 Wyspy Owcze
40%
446 Grenlandia
35%
Nie znaleziono quizów pasujących do podanych kryteriów
Rozkład punktacji
Procent ludzi z każdym wynikiem
Percentyl według liczby udzielonych odpowiedzi
Twoja historia wyników
Nie rozwiązałeś tego quizu